000 00539nam a2200205Ia 4500
005 20250326142050.0
008 250326s9999 xx 000 0 und d
020 _a0-07-021321-8
037 _aTextbook
040 _aFMSL
_beng
_cFMSL
041 _aeng
_2eng
084 _aX:9 M4;11
_qFMSL
100 _aFlippo E B
_9125871
245 0 _aPersonnel Management
_cFlippo E B
250 _a6
260 _aNew Delhi
_bNew Delhi, McGraw Hill
_c1984
300 _a623p
942 _cTB
_hX:9 M4;11
999 _c1293275
_d1293275